000 00748nam a2200217Ii 4500
003 JO-AjNU
008 230605s9999||||xx |||||||||||||| ||und||
017 _a2003/13357
020 _a977-01-8685-6
040 _aJO-AjNU
_bara
_erda
_cJO-AjNU
041 _aara
050 1 4 _aPJ7814.S49.T4 2003
100 3 _aتأليف عاشور، رضوى,
_eauthor
_935144
245 0 0 _aثلاثية غرناطة
264 3 1 _aالقاهرة:دار الشروق،2003 ؛ مكتبة الأسرة،مهرجان القراءة للجميع 2003
300 _a502ص
336 _atext
_btxt
_2rdacontent
337 _aunmediated
_bn
_2rdamedia
338 _avolume
_bnc
_2rdacarrier
650 4 _a القصص العربية - القرن العشرين
_935145
999 _aA14479
_c18047
_d18047